Makovička čítanka pre žiakov ZŠ s vývinovou poruchou čítania 2. časť

Bibliographic Details
Main Author: Batiková, Stanislava (Author)
Other Authors: Chovanová, Kvetoslava (Illustrator)
Format: Book
Language:Slovak
PhysicalDescription:123 s. fareb. ilustr. 30 cm
Published: Bratislava Proxima press 2016
ISBN:9788089248711
Edition:7. vyd.
Subjects:

MARC

LEADER 00000nam a2200000 a 4500
001 vtls011579854
003 SK-MaSNL
005 20260301220823.0
008 240318s2016 xo a b 000 0 slo
015 |a SNBA2016/09 
020 |a 9788089248711  |q (brož.) 
035 |a 63FB1DE1-BE74-45E1-A6BC-2C8D316E10BD 
035 |a urn:nbn:sk:snk-amyfo6 
035 |a urn:nbn:sk:snk-am00cm4j 
040 |a SNK  |b slo  |c SNK  |e AACR2 
041 0 |a slo 
044 |a xo  |c SK 
072 7 |a 373.2/.3  |x Predškolská a primárna výchova a vzdelávanie  |2 konspekt 
080 |a 37.016:028-028.31  |2 2011 
080 |a (075.2)  |2 2011 
100 1 |a Batiková, Stanislava  |4 aut  |9 318002 
245 1 0 |a Makovička  |b čítanka pre žiakov ZŠ s vývinovou poruchou čítania  |n 2. časť  |c S. Batiková, K. Chovanová 
250 |a 7. vyd. 
260 |a Bratislava  |b Proxima press  |c 2016 
300 |a 123 s.  |b fareb. ilustr.  |c 30 cm 
650 0 7 |a čítanie  |2 SNKPH  |9 1654 
650 0 7 |a Reading  |2 SNKPHeng  |9 276976 
655 7 |a učebnice špeciálnych základných škôl  |2 SNKPH  |9 70204 
655 7 |a čítanky  |2 SNKPH  |9 60817 
655 7 |a Textbooks (elementary)  |2 SNKPHeng  |9 276977 
655 7 |a Readers  |2 SNKPHeng  |9 300493 
700 1 |a Chovanová, Kvetoslava  |4 ill  |9 318003 
919 |a 978-80-89248-71-1 
999 |c 933332  |d 935262 
952 |a SNK  |b SNK  |y PREZ  |7 0  |p 17A1214415  |o snkSB 90606/2  |i snk2016/21619  |8 0  |0 0  |1 0  |4 0  |d 2016-09-16  |f 1  |l 0  |r 2025-05-13 00:00:00  |w 2026-02-24 
952 |a SNK  |b SNK  |y VYP  |7 0  |p 17A1214416  |o snkSB 90606/2 D1  |i snk2016/21620  |8 0  |0 0  |1 0  |4 0  |d 2016-09-16  |l 0  |r 2026-02-24 08:55:17  |w 2026-02-24